00837nam a2200205 i 4500003000900000005001700009007000300026008004100029040003000070082000700100111008900107245007400196264006100270300006300331336002700394337003300421338002800454500007300482500007600555DO-SdBNP20240910081711.0ta240909b1979 mx abc|| |||| 00| 0 spa d aDO-SdBNPbspacBNPHUerda 42222 aConferencia General del Episcopado LatinoamericanocMéxico)d18 enero 1979 :n(3 :00aDios habla hoy :bla Biblia con deuterocanónicos versión popular  aMéxico :bEditora Sociedades Biblícas Unidas,c1979. a428 páginas :bilustraciones, mapas y retratos ;c18 cm. atextobtxt2rdacontent asin mediaciónbn2rdamedia avolumenbnc2rdacarrier aIncluye referencias bibliográficas y notas al pie de las páginas aTraducción directa de los textos originales: hebreo, arameo y griego.